Jugadores del Real Madrid desde 2010/11 - Estadísticas

Estadísticas generales
  • Esta prueba ha sido intentada 2.758 veces
    465 desde el último reinicio
  • La puntuación promedio es 66 de 93
Estadísticas de respuestas
Nacionalidad Posición Años en el primer equipo Respuesta % Correcto
España Lateral derecho 2013 - act. Carvajal
98%
Gales Extremo derecho 2013 - 2020 ; 2021 - 2022 Bale
97%
Portugal Extremo izquierdo 2009 - 2018 Cristiano Ronaldo
97%
España Portero 2015 - 2018 Kiko Casilla
97%
Alemania Medio centro 2014 - 2024 Kroos
95%
Croacia Medio centro 2012 - 2025 Modric
95%
Marruecos Lateral derecho 2017 - 2018 Achraf Hakimi
94%
Francia Delantero centro 2009 - 2023 Benzema
94%
Bélgica Portero 2018 - act. Courtois
94%
Brasil Extremo izquierdo 2019 - act. Vinícius Júnior
94%
Brasil Medio centro defensivo 2013 - 2014; 2015 - 2022 Casemiro
93%
Austria Central 2021 - act. Alaba
92%
Turquía Medio centro ofensivo 2023 - act. Arda Güler
92%
España Central 2005 - 2021 Sergio Ramos
92%
Francia Medio centro 2021 - act. Camavinga
91%
Costa Rica Portero 2014 - 2019 Keylor Navas
91%
Inglaterra Medio centro 2023 - act. Bellingham
90%
Ucrania Portero 2020 - act. Lunin
90%
Brasil Lateral izquierdo 2007 - 2022 Marcelo
90%
Francia Delantero centro 2024 - act. Mbappé
90%
Brasil Extremo derecho 2020 - act. Rodrygo
89%
Portugal Central 2007 - 2017 Pepe
87%
Alemania Central 2022 - act. Rüdiger
87%
España Portero 1999 - 2015 Casillas
86%
Argentina Extremo derecho 2010 - 2014 Di María
86%
Colombia Medio centro ofensivo 2014 - 2017 ; 2019 - 2020 James Rodríguez
86%
Uruguay Medio centro 2018 - act. Valverde
86%
Francia Lateral izquierdo 2019 - act. Mendy
84%
España Central 2025 - act. Asencio
83%
Bélgica Extremo izquierdo 2019 - 2023 Hazard
83%
España Medio centro ofensivo 2013 - 2022 Isco
83%
España Lateral izquierdo 2025 - act. Carreras
82%
Brasil Delantero centro 2024 - act. Endrick
82%
Portugal Lateral izquierdo 2011 - 2015 ; 2016 - 2017 Coentrão
81%
España Extremo derecho 2016 - 2023 Marco Asensio
81%
República Dominicana Delantero centro 2016 - 2017 ; 2018 - 2023 Mariano
81%
Argentina Medio centro ofensivo 2025 - act. Mastantuono
81%
Brasil Central 2019 - act. Militão
81%
Francia Medio centro defensivo 2022 - act. Tchouaméni
81%
Inglaterra Lateral derecho 2025 - act. Trent
81%
Francia Central 2011 - 2021 Varane
81%
Argentina Delantero centro 2007 - 2013 Higuaín
80%
Alemania Medio centro ofensivo 2010 - 2013 Özil
80%
España Medio centro 2017 - 2019 ; 2021 - act. Ceballos
78%
España Central 2012 - 2024 Nacho
77%
España Lateral derecho 2005 - 2006 ; 2009 - 2016 Arbeloa
76%
España Lateral izquierdo 2023 - act. Fran García
76%
España Delantero centro 2023 - 2024 Joselu
76%
España Lateral derecho 2015 - 2025 Lucas Vázquez
76%
España Medio centro defensivo 2009 - 2014 Xabi Alonso
76%
México Delantero centro 2014 - 2015 Chicharito
75%
España Portero 2005 - 2007 ; 2013 - 2014 Diego López
75%
Serbia Delantero centro 2019 - 2021 ; 2021 - 2022 Jovic
75%
Croacia Medio centro 2015 - 2018 Kovacic
75%
España Central 2025 - act. Huijsen
74%
España Delantero centro 2025 - act. Gonzalo
73%
España Delantero centro 2013 - 2014 ; 2016 - 2017 Morata
73%
Alemania Medio centro 2010 - 2015 Khedira
71%
Noruega Medio centro ofensivo 2020 - 2021 Odegaard
71%
Francia Portero 2019 - 2020 Areola
70%
España Medio centro ofensivo 2019 - 2020 ; 2023 - act. Brahím Díaz
69%
Brasil Lateral derecho 2015 - 2017 Danilo
68%
Brasil Medio centro ofensivo 2009 - 2013 Kaká
68%
Francia Medio centro defensivo 2009 - 2012 Lass Diarra
65%
Togo Delantero centro 2011 Adebayor
61%
Mali Medio centro defensivo 2006 - 2011 Mahamadou Diarra
61%
Polonia Portero 2007 - 2011 Dudek
60%
Portugal Central 2010 - 2013 Ricardo Carvalho
60%
España Central 2017 - 2019 ; 2021 - 2023 ; 2024 - 2025 Vallejo
60%
Ghana Medio centro defensivo 2012 - 2013 Essien
57%
Rusia Extremo izquierdo 2015 - 2016 Cheryshev
56%
Argentina Medio centro defensivo 2006 - 2011 Gago
54%
Francia Lateral izquierdo 2017 - 2018 Theo Hernández
53%
España Extremo izquierdo 2013 - 2016 Jesé
51%
España Central 2009 - 2013 Raúl Albiol
50%
España Portero 2009 - 2013 Adán
48%
España Extremo derecho 2011 - 2013 Callejón
48%
España Portero 2023 - act. Kepa
47%
Turquía Interior derecho 2011 - 2012 Altintop
44%
España Medio centro defensivo 2013 - 2015 Illarramendi
44%
España Lateral derecho 2018 - 2020 ; 2022 - 2023 Odriozola
44%
Turquía Medio centro 2011 - 2012 Sahin
44%
Argentina Central 2009 - 2011 Garay
43%
España Medio centro defensivo 2017 - 2019 Marcos Llorente
42%
España Medio centro 2009 - 2012 Granero
41%
España Delantero centro 2017 - 2018 ; 2020 Borja Mayoral
39%
Brasil Medio centro defensivo 2014 - 2015 Lucas Silva
37%
España Lateral izquierdo 2018 - 2019 Reguilón
35%
España Medio centro 2010 - 2011 Canales
30%
España Extremo derecho 2010 - 2011 Pedro León
26%
España Portero 2015 - 2017 Rubén Yáñez
20%
España Portero 2014 - 2015 Pacheco
17%
España Portero 2013 - 2014 Jesús Fernández
14%
No se encontraron pruebas coincidentes
Distribución de puntuación
Porcentaje de gente con cada puntuación
Porcentaje por número respondido
Historial de tus puntuaciones
No has intentado esta prueba desde el último reinicio